History of India (Record no. 4879)

MARC details
000 -LEADER
fixed length control field 00472cam a2200193ua 4500
008 - FIXED-LENGTH DATA ELEMENTS--GENERAL INFORMATION
fixed length control field 131025n ii |||gr||||Z||||||asm
020 ## - INTERNATIONAL STANDARD BOOK NUMBER
International Standard Book Number 81-7339-179-3
040 ## - CATALOGING SOURCE
Transcribing agency MAIN
082 ## - DEWEY DECIMAL CLASSIFICATION NUMBER
Classification number 954
100 ## - MAIN ENTRY--PERSONAL NAME
Personal name Barua,Prafulla kumar,
Relator term
245 ## - TITLE STATEMENT
Title History of India
Statement of responsibility, etc. by Prafulla Kumar Barua
250 ## - EDITION STATEMENT
Edition statement 4th Ed.
260 ## - PUBLICATION, DISTRIBUTION, ETC.
Place of publication, distribution, etc. Guwahati:
Name of publisher, distributor, etc. Banalata,
Date of publication, distribution, etc. 1997.
300 ## - PHYSICAL DESCRIPTION
Extent 344p.
942 ## - ADDED ENTRY ELEMENTS (KOHA)
Koha item type Books
653 ## - INDEX TERM--UNCONTROLLED
Uncontrolled term South Asia India
653 ## - INDEX TERM--UNCONTROLLED
Uncontrolled term History of India
Holdings
Withdrawn status Lost status Damaged status Not for loan Home library Current library Shelving location Date acquired Total Checkouts Full call number Barcode Date last seen Copy number Price effective from Koha item type Date last checked out
        Central Library, Naharkatiya College Central Library, Naharkatiya College General Stacks 19/09/2020   954 | BAR 3813 19/09/2020 5 19/09/2020 Books  
        Central Library, Naharkatiya College Central Library, Naharkatiya College General Stacks 19/09/2020 1 954 | BAR 3814 16/07/2022 6 19/09/2020 Books 02/07/2022
        Central Library, Naharkatiya College Central Library, Naharkatiya College General Stacks 19/09/2020   954 | BAR 3815 19/09/2020 4 19/09/2020 Books  
        Central Library, Naharkatiya College Central Library, Naharkatiya College General Stacks 19/09/2020 3 954 | BAR 3816 16/05/2023 3 19/09/2020 Books 04/05/2023
        Central Library, Naharkatiya College Central Library, Naharkatiya College General Stacks 19/09/2020 1 954 | BAR 3843 18/08/2023 2 19/09/2020 Books 04/08/2023
        Central Library, Naharkatiya College Central Library, Naharkatiya College General Stacks 19/09/2020   954 | BAR 3860 19/09/2020 1 19/09/2020 Books  

Naharkatiya College © 2020. All rights reserved.

Powered By